| 000 | 00916cam a2200181 4500 | ||
|---|---|---|---|
| 001 | ABS66282 | ||
| 008 | 021217n2002 000 0 eng u | ||
| 035 | _a(Sirsi) u120811 | ||
| 100 | _aCreese, R | ||
| 245 | _aCost management in lean manufacturing enterprises | ||
| 260 | _c2002 | ||
| 490 |
_aCost Engineer _v 40(5) November 2002, 16-21(6) |
||
| 520 | _aOverviews integrated cost management techniques. Breaksdown the 'survival triplet' of cost/price, functionality and quality in a definition of survival zones for successful products. Concludes that the most important characteristic is management of the cost/price system, as most current systems fail to manage the costs in the product design stage, where most of the product costs are committed, or manage the costs of components from suppliers. | ||
| 590 | _aABS | ||
| 650 |
_aCost management _96233 |
||
| 690 |
_aProject management _96261 |
||
| 942 | _n0 | ||
| 999 |
_c71791 _d71791 |
||